Komáromban ötödször Harmonia Sacra Danubiana '97

Podrobná bibliografia
Hlavní autori: Magyar, Károly, 1950- (Autor), Stubendek, László, 1953- (Autor), Wollent, Andrea (Autor)
Médium: Článok
Jazyk:maďarčina
Fyzický popis:Fotogr. 1
Predmet:

MARC

LEADER 00000nab a2200000 a 4500
001 vtls000643849
003 SK-MaSNL
005 20260318124824.0
008 160401c1997 xo 0 hun
015 |a SNBRB19rr/mm-uuuuu 
035 |a CL0643988 
040 |a SNKBUCL  |b slo  |c SNKBUCL  |e AACR2 
041 0 |a hun 
044 |a xo  |c SK 
080 |a 78.091.4:783  |2 1981 
080 |a 783  |2 1981 
100 1 |a Magyar, Károly,  |d 1950-  |4 aut  |9 111680 
245 1 0 |a Komáromban ötödször Harmonia Sacra Danubiana '97  |c Károly Magyar, László Stubendek, Andrea Wollent 
300 |b Fotogr. 1 
650 0 7 |a cirkevná hudba  |2 snkbucl  |9 1748 
650 0 7 |a Harmonia Sacra Danubium 1997, Komárno  |2 snkbucl  |9 1294353 
651 7 |a 5204  |2 snkbucl  |9 376683 
655 7 |a články z novín a časopisov  |2 snkbucl  |9 267496 
700 1 |a Stubendek, László,  |d 1953-  |4 aut  |9 976307 
700 1 |a Wollent, Andrea  |4 aut  |9 1294354 
773 0 |t Remény  |g Roč. 8, č. 46 (1997), s. 5 
850 |a Slovenská národná knižnica v Martine  |a DSG001 
852 |a SNK  |b KIS3GCP 
958 |a HU 
958 |a SK 
958 |a RK 
958 |a RBX 
999 |c 2575661  |d 2577591